| 000 | 00844nas a2200277 4500 | ||
|---|---|---|---|
| 001 | BR2011003957 | ||
| 003 | BR-BrBNA | ||
| 005 | 20231205115510.0 | ||
| 007 | ta | ||
| 008 | 230509b bl.|||p| |||| 00| 00por d | ||
| 040 |
_aBR-BrBNA _bpor _cBiblioteca Nacional de Agricultura |
||
| 041 | _a(Pt) | ||
| 072 | _aL70 | ||
| 100 | 1 | _aCaroli, A.M. de C. de | |
| 100 | 1 | _aBelli, C.B. | |
| 245 | 1 | _aAvaliação de pressão arterial em equinos com síndrome cólica | |
| 246 | 1 | _aArterial pressure assessment in horses with colic | |
| 650 | _aEQUINO | ||
| 650 | _aSÍNDROME | ||
| 650 | _aCÓLICA | ||
| 650 | _aPRESSÃO ARTERIAL | ||
| 650 | _aDESIDRATAÇÃO | ||
| 773 | 0 |
_tVeterinária em Foco (Brazil) _xISSN 1679-5237 _g(Jan-Jun 2009), v. 6(2) p. 103-110 _wBR2011003957 |
|
| 909 |
_a202311 _bLúcia _c55 _dLúcia Elande |
||
| 942 |
_2AGRIS _n0 _cANA |
||
| 999 |
_c214118 _d214118 |
||